书目信息 |
| 题名: |
电磁场与波
|
|
| 作者: | 赵家升 主编 | |
| 分册: | ||
| 出版信息: | 成都 电子科技大学出版社 1997.02 |
|
| 页数: | 316页 | |
| 开本: | 26cm | |
| 丛书名: | ||
| 单 册: | ||
| 中图分类: | O441.4 | |
| 科图分类: | ||
| 主题词: | 电磁学 , 电动力学 | |
| 电子资源: | ||
| ISBN: | 7-81043-683-X | |
| 000 | 00590nam0 2200205 450 | |
| 001 | 0840368233 | |
| 005 | 20080303111420.51 | |
| 010 | @a7-81043-683-X@dCNY23.00 | |
| 100 | @a20080303d1997 km y0chiy0120 ea | |
| 101 | 0 | @achi |
| 102 | @aCN | |
| 200 | 1 | @a电磁场与波@Adian ci chang yu bo@f赵家升主编@Fzhao jia sheng zhu bian |
| 210 | @a成都@c电子科技大学出版社@d1997.02 | |
| 215 | @a316页@d26cm | |
| 606 | 0 | @a电磁学 |
| 606 | 0 | @a电动力学 |
| 690 | @aO441.4@v4 | |
| 701 | 0 | @a赵家升@Azhao jia sheng@4主编 |
| 801 | 0 | @aCN@b大连网信软件有限公司图书馆·11@c20080303 |
| 905 | @aZUCC@dO441.4@eZ3001 | |
| 电磁场与波/赵家升主编.-成都:电子科技大学出版社,1997.02 |
| 316页;26cm |
| ISBN 7-81043-683-X:CNY23.00 |
| ● |
| 相关链接 |
|
|
|
正题名:电磁场与波
索取号:O441.4/Z3001
 
预约/预借
| 序号 | 登录号 | 条形码 | 馆藏地/架位号 | 状态 | 备注 |
| 1 | 479123 | 204791234 | 期刊室512/ [索取号:O441.4/Z3001] | 在馆 |